000 00874nam a22002897i 4500
003 EG-GICUC
005 20260210134617.0
008 260206s1954 us ||||fr|||| 000 0 eng d
040 _aEG-GiCUC
_beng
_cEG-GiCUC
_dEG-GiCUC
_eRda
082 0 4 _221
_a341.81
_bLA
092 0 4 _221
099 _aLaw1 12 341.81 LA 1954
245 0 0 _aLaws Concerning Nationality
_b
_n
_c
264 1 _aNew York :
_bNited Nations,
_c1954.
300 _a594page :
_billustration ;
_c 24 cm.
336 _2rda contenu
_a texte
337 _2rda medias
_aOrdinateur
338 _2 transporteur rda
_a Ressource en ligne
490 _aUnited Nations Legislative Series.
504 _a
546 _aText in English
650 1 4 _aPrivate international law
_2
651 1 _2
856 4 0 _uhttps://fll.law.cu.edu.eg/fulltext/bks/B12-02281.pdf
905 _a50
942 _2ddc
_cBK
_e21
_n0
999 _c61423
_d61423